000 01394nam2a2200265 4500
001 RU\NLR\bibl\1404451
005 20250615205423.0
010 _a978-5-98382-010-9
_9350
021 _aRU
_b2009-49006
_93010
035 _a(NLR Aleph) 001396450
090 _a1195030
_c1195030
100 _a20090827d2008 |||y0rusy50 ca
101 0 _arus
102 _aRU
105 _ay |||||||||
200 1 _aСтроительство
_eвиды работ. Комплексы работ. Объекты-аналоги зданий и сооружений. Справочная информация
215 _a848 с.
300 _aЗагл. корешка: РСС-2009. строительство
461 0 _1001RU\NLR\bibl\1410200
_12001#$aРСС-2009. Региональный справочник стоимости$v[Т. 1]
_91229424
_cМосква
_d2008 (обл. 2009)
_nНПФ "Центр региональных технологий в строительстве"
_oв печатном и электронном виде для Москвы, в электронном виде для 84 регионов России : [в 2 т.]
_tРСС-2009. Региональный справочник стоимости
_v[Т. 1]
516 0 _aРСС-2009. строительство
801 0 _aRU
_bNLR
_c20090827
_gRCR
801 1 _aRU
_bNLR
_c20090827
942 _cBOOK
980 _aNB